When the wind blows /

Hlavní autor: Briggs, Raymond, 1934-2022
Jazyk: Angličtina
Vydáno: London : Samuel French, 1983
Témata:
Fyzický popis: 46 s.
Knihy
Uloženo v:
LEADER 00707nam a2200229za 4500
001 000997688
003 CZ BrMZK
005 20091023091140.0
007 ta
008 050331s1983 enk er|||||||||||engod
020 |a 057311496X  |q (brož.) 
040 |a BOA001  |b cze 
080 9 |a 821.111 
100 1 |a Briggs, Raymond,  |d 1934-2022  |7 xx0019578  |4 aut 
245 1 0 |a When the wind blows /  |c by Raymond Briggs 
260 |a London :  |b Samuel French,  |c 1983 
300 |a 46 s. 
655 7 |a divadelní hry  |7 fd132028  |2 czenas 
910 |a BOA001  |b AK-0001.340 
990 |a BK 
991 |b 200908  |z 000046261  |x 99 
996 7 |b 261E003753  |c AK-0001.340  |l Anglická knihovna/2.patro  |r ZHR  |n 2  |h PD-bri  |w 000997688  |u 000010  |a 0  |e BOA001  |j MZK50  |s A